000 00531nam a2200205Ia 4500
003 BUBTL
008 151213s9999 xx 000 0 und d
020 _a81-70144337
082 _a346.07/ K9522b/ 1998
100 _a Kuchhal, M. C.
_9134
245 _aBusiness Laws/
_cM.C.Kuchal
250 _a2nd ed.
260 _aNew Delhi :
_bSultan Chand & Sons
_cc1998.
300 _ax, 433 p. :
_c22 cm.
650 _aLaw
650 _aLaw
_94274
856 _k0
_l0
_yDownload
942 _2ddc
_cBK
999 _c3688
_d3688